| 000 | 00379nam a22001577a 4500 | ||
|---|---|---|---|
| 003 | OSt | ||
| 005 | 20240321150159.0 | ||
| 008 | 170724b xxu||||| |||| 00| 0 eng d | ||
| 020 | _a978-8131704813 | ||
| 040 | _cSEROSOFT | ||
| 100 | _aMORRISON ,BOYD | ||
| 245 | _aMORRISON AND BOYD ORGANIC CHEMISTRY | ||
| 260 |
_aDELHI _bPEARSON _c2001 |
||
| 300 | _a1278 | ||
| 942 |
_2ddc _c03 _e6TH |
||
| 999 |
_c35949 _d35949 |
||